Innovationsmanagement

Gespeichert in:
Bibliographische Detailangaben
1. Verfasser: Hauschildt, Jürgen
Format: Buch
Sprache:Deutsch
Veröffentlicht: München Vahlen 1993
Ausgabe:1. Aufl.
Schriftenreihe:Vahlens Handbücher der Wirtschafts- und Sozialwissenschaften
Schlagworte:
Tags: Tag hinzufügen
Keine Tags, Fügen Sie das erste Tag hinzu!

MARC

LEADER 00000nam a2200000 4500
001 c010967
005 20221214082227.3
020 |a 3-8006-1692-0 
041 0 |a ger 
044 |a DE 
245 1 0 |a Innovationsmanagement  |c Jürgen Hauschildt 
250 |a 1. Aufl. 
264 1 |a München  |b Vahlen  |c 1993 
300 |a 357 s. 
490 1 |a Vahlens Handbücher der Wirtschafts- und Sozialwissenschaften 
830 0 |a Vahlens Handbücher der Wirtschafts- und Sozialwissenschaften 
610 2 0 |a manažment inovačný 
610 2 0 |a inovácia 
610 2 0 |a štúdie prípadové 
610 2 0 |a modely 
100 1 |a Hauschildt, Jürgen